000 00503 a2200181 4500
005 20260416110329.0
008 260416b |||||||| |||| 00| 0 eng d
020 _a9781041210566
040 _cSDCL
041 _2eng
_aeng
084 _aV2,3'N7 R6
100 _aGarimella, Ravindra
_91115639
245 _aAn Introduction to Indian Parliament :
_bProcess and Practices
260 _aLondon :
_bRoutledge,
_c2026.
300 _ax, 231p.
700 _aKunduri, Prasad
_91234927
942 _cTEXL
_2CC
999 _c1848154
_d1848154